Two boys in love : stories of romance and desire /

Salvato in:
Dettagli Bibliografici
Autore principale: Schimel, Lawrence
Natura: Libro
Lingua:inglese
Pubblicazione: Providence : Seventh Window Publications, 2006
Tags: Aggiungi Tag
Nessun Tag, puoi essere il primo ad aggiungerne!!

MARC

LEADER 00000nam a22000007i 4500
001 IT\ICCU\UBO\4044479
003 ItRI
005 20260115231831.0
008 131118s2006 xxu|||||| ||||| |||||c
020 |a 0971708940 
040 |b ita  |c importazione bologna sebina 
041 7 |a eng  |2 ISO-639-2 
100 1 |a Schimel, Lawrence  |0 IT\ICCU\UBOV\127667 
245 1 0 |a Two boys in love :  |b stories of romance and desire /  |c by Lawrence Schimel. 
260 |a Providence :  |b Seventh Window Publications,  |c 2006 
300 |a 170 p. ;  |c 22 cm 
942 |2 ddc  |c BK  |n 0 
952 |0 0  |1 0  |4 0  |6 DOC_813_010000000000000_SCH  |7 0  |9 13803  |a BO  |b BO  |d 2026-01-15  |i 17173  |l 0  |o DOC 813.010 SCH  |p BO17173  |r 2026-01-15 23:18:31  |w 2026-01-15  |x [Sebina 5] [1 v.]  |y BK  |z 1 v. 
999 |c 11878  |d 11878